000 00665nam a2200277Ia 4500
005 20260320195838.0
008 008 262003s9999 xx 000 0 hin d
020 _a9788126711086
037 _aEBOOK
040 _aCRL
040 _bhin
040 _cCRL
041 _2hin
041 _ahin
084 _qCRL
100 _aपांडे बेचन शर्मा 'उग्र'
_91133297
245 0 _aअपनी खबर
250 _a10th
260 _bRajkamal
260 _c1984
300 _a144
856 _uhttps://ebook.indiaread.in/pdfs/9788126711086.pdf
942 _cEBOOK
999 _c1716820
_d1716820